Dictionaries, encyclopedias and other word related books (Record no. 38977)
[ view plain ]
| 000 -LEADER | |
|---|---|
| fixed length control field | 00624nam a22001817a 4500 |
| 008 - FIXED-LENGTH DATA ELEMENTS--GENERAL INFORMATION | |
| fixed length control field | 230605b |||||||| |||| 00| 0 eng d |
| 040 ## - CATALOGING SOURCE | |
| Original cataloging agency | National Science Library |
| Transcribing agency | National Science Library |
| 080 ## - UNIVERSAL DECIMAL CLASSIFICATION NUMBER | |
| Universal Decimal Classification number | R 016:03 |
| Item number | M2.1 |
| 245 ## - TITLE STATEMENT | |
| Title | Dictionaries, encyclopedias and other word related books |
| 250 ## - EDITION STATEMENT | |
| Edition statement | 3rd ed. |
| 260 ## - PUBLICATION, DISTRIBUTION, ETC. | |
| Place of publication, distribution, etc. | Michigan: |
| Name of publisher, distributor, etc. | Gale Research Company, |
| Date of publication, distribution, etc. | 1982 |
| 300 ## - PHYSICAL DESCRIPTION | |
| Extent | 519p. |
| 500 ## - GENERAL NOTE | |
| General note | Vol. 1 (English books)<br/>Vol. 2 (Multiple language with English as one language)<br/>Vol. 3 (Non English book) |
| 650 ## - SUBJECT ADDED ENTRY--TOPICAL TERM | |
| Topical term or geographic name entry element | Language |
| 653 ## - INDEX TERM--UNCONTROLLED | |
| Uncontrolled term | Dictionaries |
| 700 ## - ADDED ENTRY--PERSONAL NAME | |
| Personal name | Brewer, Annie M (Ed.) |
| 942 ## - ADDED ENTRY ELEMENTS (KOHA) | |
| Source of classification or shelving scheme | Universal Decimal Classification |
| Koha item type | Reference |
| Withdrawn status | Lost status | Source of classification or shelving scheme | Damaged status | Not for loan | Home library | Current library | Shelving location | Date acquired | Serial Enumeration / chronology | Total Checkouts | Full call number | Barcode | Date last seen | Price effective from | Koha item type |
|---|---|---|---|---|---|---|---|---|---|---|---|---|---|---|---|
| Universal Decimal Classification | National Science Library | National Science Library | GF/Rk-23/C-5/R-2 | 08/01/1985 | Vol. 1 (English books) | R 016:03 M2.1 | 104879 | 05/06/2023 | 08/01/1985 | Reference | |||||
| Universal Decimal Classification | National Science Library | National Science Library | GF/Rk-23/C-5/R-2 | 08/01/1985 | Vol. 2 (Multiple language with English as one language) | R 016:03 M2.2 | 104880 | 05/06/2023 | 08/01/1985 | Reference | |||||
| Universal Decimal Classification | National Science Library | National Science Library | GF/Rk-23/C-5/R-2 | 08/01/1985 | Vol. 3 (Non English book) | R 016:03 M2.3 | 104881 | 05/06/2023 | 08/01/1985 | Reference |